Formación de recursos humanos en salud mental

Kaydedildi:
Detaylı Bibliyografya
Asıl Yazarlar: Florenzano Urzúa, Ramón (Yazar), Romero, María Inés (Yazar), Alvarez Urquidi, Gonzalo (Yazar)
Materyal Türü: Kitap
Dil:İspanyolca
Baskı/Yayın Bilgisi: Santiago CPU 1991
Konular:
Etiketler: Etiketle
Etiket eklenmemiş, İlk siz ekleyin!

MARC

LEADER 00000nam a2200000 a 4500
001 UCW7171
003 CL-VaPUC
008 920914e19910000CL |||||||||||||||||spa|d
082 0 4 |a 614.58  |b FLO  |2 21 
100 0 |a Florenzano Urzúa, Ramón  |e author  |9 312310 
700 0 |a Romero, María Inés  |e author  |9 312311 
700 0 |a Alvarez Urquidi, Gonzalo  |e author  |9 312312 
245 1 0 |a Formación de recursos humanos en salud mental 
300 |a 187 p 
942 |c BK 
945 |d 19920914 00:00:00 
260 |a Santiago  |b CPU  |c 1991 
650 0 |a Salud mental  |9 308393 
650 0 |a Congresos  |9 257560 
650 7 |a PERSONAL DE SALUD MENTAL  |2 CL-VaPUC  |9 312313 
583 |a last modification  |c 19920914 00:00:00  |k Rodrigo Vera 
999 |c 220026  |d 220024 
952 |0 0  |1 0  |4 0  |6 614_580000000000000_FLO_1991  |7 0  |8 P  |9 211750  |a BIBEDU  |b BIBEDU  |c BIBEDU_PB  |d 2019-11-15  |i 2798867  |o 614.58 FLO 1991  |p 2798867  |r 2024-01-25  |w 2019-11-15  |y BK  |k EDU 
952 |0 0  |1 0  |4 0  |6 614_580000000000000_FLO_1991  |7 0  |8 P  |9 211751  |a BIBEDU  |b BIBEDU  |c BIBEDU_PB  |d 2019-11-15  |i 3737519  |o 614.58 FLO 1991  |p 3737519  |r 2024-01-25  |w 2019-11-15  |y BK  |k BME